WWE: Money in the Bank Winners - Statistics

General Stats
  • This quiz has been taken 408 times
  • The average score is 14 of 17
Answer Stats
Year Answer % Correct
2012 for Raw's Briefcase 9 John Cena
92%
2005 at WM21 1 Edge
91%
2014 at M.I.T.B 11 Seth Rollins
90%
2008 at WM24 4 CM Punk
89%
2009 at WM25 5 CM Punk
89%
2016 at M.I.T.B 13 Dean Ambrose
87%
2013 for Raw's Briefcase 10 Randy Orton
85%
2010 for Raw's Briefcase 7 The Miz
83%
2010 for SD's Briefcase 7 Kane
82%
2015 at M.I.T.B 12 Sheamus
81%
2010 at WM26 6 Jack Swagger
80%
2011 for Raw's Briefcase 8 Alberto Del Rio
79%
2011 for SD's Briefcase 8 Daniel Bryan
79%
2012 for SD's Briefcase 9 Dolph Ziggler
79%
2006 at WM22 2 Rob Van Dam
76%
2007 at WM23 3 Mr. Kennedy
75%
2013 for SD's Briefcase 10 Damien Sandow
71%
No matching quizzes found
Score Distribution
Percent of People with Each Score
Percentile by Number Answered
Your Score History
You have not taken this quiz